Word Ladder: Led Zeppelin Songs Quiz Stats

 Plays Quiz Updated Sep 2, 2014

Support Sporcle.
Go Orange.
Score 0/26 Timer 03:00
0 Plays Today
Hint 5-Letter Word % Correct
Opposite color for a ♪ Black Dog ♪WHITE
96.8%
♪ _____ Lotta Love ♪WHOLE
95.2%
♪ _____ And Confused ♪DAZED
92.2%
A set of 12DOZEN
90.1%
♪ Over The _____ And Far Away ♪HILLS
89.5%
During the time thatWHILE
89.5%
♪ Good _____ Bad _____TIMES
89.2%
Adult girlsWOMEN
87.3%
SleptDOZED
87%
Scrabble piecesTILES
87%
ProducesMAKES
86.9%
Silent actorsMIMES
86.3%
Brand of hard lemonadeMIKE'S
86%
Hint 5-Letter Word % Correct
Disney, Whitman & FrazierWALTS
84.5%
♪ Living Loving Maid (She's Just A _____) ♪WOMAN
82.9%
PlowsTILLS
81.5%
Cough drop brandHALLS
81.5%
Made on a loomWOVEN
81.3%
Jericho tumblersWALLS
77.3%
To cite Jewish liturgical prayersDOVEN
75.5%
''Missing You'' singer, John _____WAITE
73.1%
♪ D'yer _____MAK'ER
72.4%
Distinctively voiced singer TomWAITS
71.9%
Passed time in relaxationLAZED
68.7%
L.A. hoopsterLAKER
63.7%
Prepared pigments for cloth dyingLAKED
55.7%

Today's Daily Dose

You're not logged in!

Compare scores with friends on all Sporcle quizzes.
OR
Log In

From the Vault

Letter Pyramid - Chemical Elements

by PenguinsMeercats

Imagine if we had a periodic pyramid instead of a table.
Remove Ads.
Support Sporcle.
Get the best of Sporcle when you Go Orange. This ad-free experience offers more features, more stats, and more fun while also helping to support Sporcle. Thank you for becoming a member.

Show Comments

Extras

Top Quizzes Today


Score Distribution

Your Account Isn't Verified!

In order to create a playlist on Sporcle, you need to verify the email address you used during registration. Go to your Sporcle Settings to finish the process.

Report this User

Report this user for behavior that violates our Community Guidelines.

Details: